<?xml version="1.0" encoding="UTF-8"?>
<record
    xmlns:xsi="http://www.w3.org/2001/XMLSchema-instance"
    xsi:schemaLocation="http://www.loc.gov/MARC21/slim http://www.loc.gov/standards/marcxml/schema/MARC21slim.xsd"
    xmlns="http://www.loc.gov/MARC21/slim">

  <leader>00615nam a22002057a 4500</leader>
  <controlfield tag="001">2678</controlfield>
  <controlfield tag="003">HMS</controlfield>
  <controlfield tag="005">20250819112024.0</controlfield>
  <controlfield tag="008">250819e2004    cl a|||frntu| 001 0 spa  </controlfield>
  <datafield tag="020" ind1=" " ind2=" ">
    <subfield code="a">9562202305</subfield>
  </datafield>
  <datafield tag="040" ind1=" " ind2=" ">
    <subfield code="a">hms</subfield>
    <subfield code="b">spa</subfield>
    <subfield code="c">hms</subfield>
  </datafield>
  <datafield tag="050" ind1="0" ind2="4">
    <subfield code="a">WL385</subfield>
    <subfield code="b">C198</subfield>
  </datafield>
  <datafield tag="245" ind1="0" ind2="0">
    <subfield code="a">Epilepsia : </subfield>
    <subfield code="b">diagn&#xF3;stico y tratamiento : </subfield>
    <subfield code="c">Manuel Campos, Andr&#xE9;s Kanner</subfield>
    <subfield code="h">[libro]</subfield>
  </datafield>
  <datafield tag="260" ind1=" " ind2=" ">
    <subfield code="a">Santiago de Chile :</subfield>
    <subfield code="b">Editorial Mediterr&#xE1;neo,</subfield>
    <subfield code="c">2004</subfield>
  </datafield>
  <datafield tag="300" ind1=" " ind2=" ">
    <subfield code="a">895 p&#xE1;ginas :</subfield>
    <subfield code="b">ilustraciones ;</subfield>
    <subfield code="c">26 cm.</subfield>
  </datafield>
  <datafield tag="500" ind1=" " ind2=" ">
    <subfield code="a">Incluye &#xED;ndice</subfield>
  </datafield>
  <datafield tag="504" ind1=" " ind2=" ">
    <subfield code="a">Incluye bibliograf&#xED;as</subfield>
  </datafield>
  <datafield tag="650" ind1=" " ind2="7">
    <subfield code="a">Epilepsia </subfield>
    <subfield code="9">4000</subfield>
  </datafield>
  <datafield tag="942" ind1=" " ind2=" ">
    <subfield code="2">lcc</subfield>
    <subfield code="c">COL. RES.</subfield>
    <subfield code="n">0</subfield>
  </datafield>
  <datafield tag="999" ind1=" " ind2=" ">
    <subfield code="c">2678</subfield>
    <subfield code="d">2678</subfield>
  </datafield>
  <datafield tag="952" ind1=" " ind2=" ">
    <subfield code="0">0</subfield>
    <subfield code="1">0</subfield>
    <subfield code="2">ddc</subfield>
    <subfield code="4">0</subfield>
    <subfield code="7">0</subfield>
    <subfield code="8">Col. Res.</subfield>
    <subfield code="a">BHMS</subfield>
    <subfield code="b">BHMS</subfield>
    <subfield code="c">Full Space</subfield>
    <subfield code="d">2004-03-29</subfield>
    <subfield code="e">Donaci&#xF3;n Ed. Mediterr&#xE1;neo</subfield>
    <subfield code="i">000498</subfield>
    <subfield code="l">0</subfield>
    <subfield code="o">WL385 C198 1&#xAA;ed 2004</subfield>
    <subfield code="p">000498</subfield>
    <subfield code="r">2025-08-19 11:21:46</subfield>
    <subfield code="t">c.1</subfield>
    <subfield code="w">2025-08-19</subfield>
    <subfield code="y">COL. RES.</subfield>
  </datafield>
</record>
